<?xml version="1.0" encoding="UTF-8"?>
<marc:record xmlns:marc="http://www.loc.gov/MARC21/slim">
   <marc:leader>00000nam a2200000 a 4500</marc:leader>
   <marc:datafield ind1="1" ind2=" " tag="100">
      <marc:subfield code="a">Grüning, Christian</marc:subfield>
      <marc:subfield code="4">aut</marc:subfield>
      <marc:subfield code="e">Verfasser/-in</marc:subfield>
   </marc:datafield>
   <marc:datafield ind1=" " ind2=" " tag="653">
      <marc:subfield code="a">Lerntechnik</marc:subfield>
   </marc:datafield>
   <marc:datafield ind1=" " ind2=" " tag="653">
      <marc:subfield code="a">Softcover</marc:subfield>
   </marc:datafield>
   <marc:datafield ind1=" " ind2=" " tag="653">
      <marc:subfield code="a">Karte</marc:subfield>
   </marc:datafield>
   <marc:datafield ind1=" " ind2=" " tag="653">
      <marc:subfield code="a">Lernen / Sonstiges</marc:subfield>
   </marc:datafield>
   <marc:datafield ind1=" " ind2=" " tag="653">
      <marc:subfield code="a">Ratgeber</marc:subfield>
   </marc:datafield>
   <marc:datafield ind1="0" ind2="0" tag="245">
      <marc:subfield code="a">Garantiert erfolgreich lernen</marc:subfield>
   </marc:datafield>
   <marc:datafield ind1="0" ind2="0" tag="245">
      <marc:subfield code="b">wie Sie Ihre Lese- und Lernfähigkeit steigern ; [Motivation, Konzentration, Stressmanagement, Zeitmanagement ; speed reading, mind mapping, Gedächtnistechniken</marc:subfield>
   </marc:datafield>
   <marc:datafield ind1="0" ind2="0" tag="245">
      <marc:subfield code="c">Christian Grüning</marc:subfield>
   </marc:datafield>
   <marc:datafield ind1=" " ind2="1" tag="264">
      <marc:subfield code="a">München</marc:subfield>
      <marc:subfield code="b">Grüning</marc:subfield>
      <marc:subfield code="c">2006</marc:subfield>
   </marc:datafield>
   <marc:datafield ind1=" " ind2=" " tag="250">
      <marc:subfield code="a">2. Aufl.</marc:subfield>
   </marc:datafield>
   <marc:datafield ind1="1" ind2=" " tag="520">
      <marc:subfield code="a">Angaben aus der Verlagsmeldung

Garantiert erfolgreich lernen : Wie Sie Ihre Lese- und Lernfähigkeit steigern / von Christian Grüning

Nach der Arbeit mit diesem Buch werden Sie schneller und -viel wichtiger- mit besserem Verständnis und einer besseren Erinnerung lesen (Speed Reading). Es wird Ihnen leicht fallen, selbst komplexe Informationen gehirngerecht aufzubereiten und mühelos in Ihr derzeitiges Wissen einzubinden (Mind Mapping). Derart "konstruiertes" Wissen werden Sie leicht wieder "re-konstruieren" können und im entscheidenden Moment zur Verfügung haben (Gedächtnis-Strategien &amp; Mnemotechnik). Unterstützt wird dieser Prozess durch das richtige Zeitmanagement. Sie lernen, Ihre Konzentration zu verbessern und eine starke Motivation für die wichtigen Aufgaben zu entwickeln. Und das alles ohne Stress. Klingt unglaubwürdig? Dann lassen Sie sich überraschen.
</marc:subfield>
   </marc:datafield>
   <marc:datafield ind1=" " ind2=" " tag="020">
      <marc:subfield code="a">9783981093605</marc:subfield>
      <marc:subfield code="9">9783981093605</marc:subfield>
   </marc:datafield>
   <marc:datafield ind1=" " ind2=" " tag="020">
      <marc:subfield code="a">3981093607</marc:subfield>
      <marc:subfield code="9">3981093607</marc:subfield>
   </marc:datafield>
   <marc:datafield ind1=" " ind2=" " tag="041">
      <marc:subfield code="a">ger</marc:subfield>
   </marc:datafield>
   <marc:datafield ind1=" " ind2=" " tag="300">
      <marc:subfield code="a">175 S.</marc:subfield>
   </marc:datafield>
</marc:record>
